00835nam a2200217 a 450000100080000000500110000800800410001910000270006024500820008726000300016930000090019949000490020852002240025765300110048165300220049265300210051465300250053565300200056065300170058070000200059710152832000-12-12 1981 bl uuuu u0uu1 u #d1 aGEMIGNANI SOBRINHO, A. aAlternativa para a implantacao do seguro rural em SCbuma proposta em aberto. aFlorianopolis: CEPAc1981 a26p. a(CEPA-SC. Cadernos de Economia Agricola, 4). aAspectos historicos do seguro rural no Brasil. Alternativas para implantacao do seguro rural em Santa Catarina. Requisitos basicos para funcionamento de um sistema de seguro agricola. Caracteristicas tecnicas do seguro. aBrasil aEconomia agricola aProduto agricola aProduto agropecuario aSeguro agricola aSeguro rural1 aGOMES, J. de M.